Iniciatívu smerujeme do oblasti prevencie a adaptácie na nové podmienky
Ekonomické straty v dôsledku živelných udalostí. Odporúčania poisťovateľom i poistníkom. Identifikácia a kvantifikácia rizika. Uvedomovanie si problému. Poskytovanie vhodného krytia. Prevencia a adaptácia Súkromno-verejné partnerstvo.
Enregistré dans:
| Format: | Chapitre de livre |
|---|---|
| Langue: | slovaque |
| Sujets: | |
| Tags: |
Pas de tags, Soyez le premier à ajouter un tag!
|
MARC
| LEADER | 00000naa$a2200000$$$4500 | ||
|---|---|---|---|
| 001 | 0056693 | ||
| 005 | 20231107122357.6 | ||
| 041 | 0 | |a slo | |
| 044 | |a SK | ||
| 245 | 1 | 0 | |a Iniciatívu smerujeme do oblasti prevencie a adaptácie na nové podmienky |
| 520 | |a Ekonomické straty v dôsledku živelných udalostí. Odporúčania poisťovateľom i poistníkom. Identifikácia a kvantifikácia rizika. Uvedomovanie si problému. Poskytovanie vhodného krytia. Prevencia a adaptácia Súkromno-verejné partnerstvo. | ||
| 610 | 2 | 0 | |a pohromy živelné |
| 610 | 2 | 0 | |a poistenie |
| 610 | 2 | 0 | |a riziko |
| 610 | 2 | 0 | |a poisťovatelia |
| 610 | 2 | 0 | |a prevencia |
| 610 | 2 | 0 | |a adaptácia |
| 610 | 2 | 0 | |a partnerstvo verejno-súkromné |
| 610 | 2 | 0 | |a intervencie |
| 610 | 2 | 0 | |a zmeny klimatické |
| 610 | 2 | 0 | |a poisťovne |